| 000 | 00707nam a2200253Ia 4500 | ||
|---|---|---|---|
| 001 | dia_4325 | ||
| 003 | CHAP | ||
| 005 | 20230120124101.0 | ||
| 007 | ta | ||
| 008 | 220117s2001 mx f 000 0 spa d | ||
| 010 | _a174960 | ||
| 040 |
_cCHAP _amxchpua |
||
| 090 | _aFOLLETO 2851 | ||
| 110 | 1 |
_9153584 _aMéxico. Banco Nacional de Comercio Exterior |
|
| 245 | 1 | 3 |
_aPrograma nacional de eventos internacionales / _cBANCOMEXT |
| 260 |
_aMéxico : _bBANCOMEXT, _c2001 |
||
| 300 | _a32 páginas | ||
| 500 | _aC/e | ||
| 650 | 1 | 3 |
_aEventos internacionales _9155782 |
| 901 | _aFOLLETO 2851 | ||
| 902 | _aM | ||
| 905 | _a0000002001 mx 0000000000spa00 | ||
| 942 |
_cFOLL _2local |
||
| 999 |
_c174960 _d174960 |
||